LEADER 02327nam 2200505 450 001 996485660103316 005 20230112095636.0 010 $a3-030-96787-5 035 $a(MiAaPQ)EBC7072662 035 $a(Au-PeEL)EBL7072662 035 $a(CKB)24368773900041 035 $a(OCoLC)1341286694 035 $a(BIP)082956990 035 $a(PPN)264191919 035 $a(EXLCZ)9924368773900041 100 $a20230112d2022 uy 0 101 0 $aeng 135 $aurcnu|||||||| 181 $ctxt$2rdacontent 182 $cc$2rdamedia 183 $acr$2rdacarrier 200 00$aAcoustics and vibration of mechanical structures - AVMS-2021 $eproceedings of the 16th AVMS, Timisoara, Romania, May 28-29, 2021 /$fNicolae Herisanu and Vasile Marinca, editors 210 1$aCham, Switzerland :$cSpringer Nature Switzerland AG,$d[2022] 210 4$dİ2022 215 $a1 online resource (381 pages) 225 1 $aSpringer proceedings in physics ;$vVolume 274 311 08$aPrint version: Herisanu, Nicolae Acoustics and Vibration of Mechanical Structures - AVMS-2021 Cham : Springer International Publishing AG,c2022 9783030967864 320 $aIncludes bibliographical references. 330 8 $aThis text is a collection of contributions presented at the 16th Conference on Acoustic and Vibration of Mechanical Structure held in Timisoara, Romania, May 28th, 2021. The conference focused on a broad range of topics related to acoustics and vibration, such as noise and vibration control, noise and vibration generation and propagation, effects of noise and vibration, condition monitoring and vibration testing, modelling, prediction and simulation of noise and vibration, environmental and occupational noise and vibration, noise and vibration attenuators, biomechanics and bioacoustics. 410 0$aSpringer proceedings in physics ;$vVolume 274. 606 $aSound$vCongresses 606 $aVibration$vCongresses 610 $aMathematics 615 0$aSound 615 0$aVibration 676 $a534 702 $aHerisanu$b Nicolae$4edt 702 $aMarinca$b Vasile$4edt 801 0$bMiAaPQ 801 1$bMiAaPQ 801 2$bMiAaPQ 906 $aBOOK 912 $a996485660103316 996 $aAcoustics and vibration of mechanical structures - AVMS-2021$93422427 997 $aUNISA